000 00647nam a22002057a 4500
003 koha_MIRAKIL
005 20260414112003.0
008 260414b tur||||| |||| 00| 0 tur d
020 _a9786059620451
040 _aTR-IsEVY
_btur
_cTR-IsEVY
041 _atur
082 _aFIC PAR/J
100 _aPark, Barbara
245 0 _aJunie B. Jones ve yatağın altındaki canavar /
_cBarbara Park ; illüstratör Denise Brunkus.
260 _aİstanbul:
_bMikado Yayınları ,
_c2017.
300 _a69 s. :
_bresimli ;
_c19 cm.
650 _aÇocuk Edebiyatı.
_vÇocuk Hikayeleri.
700 1 _aBrunkus, Denise.
_cillüstratör.
942 _2ddc
_cBK
999 _c23464
_d23464